Nanuk el canguro de las mudanzas

Saved in:
Bibliografiske detaljer
Format: Bog
Sprog:spansk
Udgivet: Buenos Aires Sigmar 1987
Serier:Colección mis animalitos
Fag:
Tags: Tilføj Tag
Ingen Tags, Vær først til at tagge denne postø!

MARC

LEADER 00000nam a2200000 a 4500
001 UCW5564
003 CL-VaPUC
008 910611e19870000AG |||||||||||||||||spa|d
082 0 4 |a 808.068  |b NAN  |2 21 
245 1 0 |a Nanuk el canguro de las mudanzas 
300 |a 8 p 
942 |c BK 
945 |d 19910611 00:00:00 
260 |a Buenos Aires  |b Sigmar  |c 1987 
650 0 |a Cuentos infantiles  |9 308044 
650 0 |a Literatura infantil   |9 307465 
583 |a last modification  |c 19910611 00:00:00  |k Rodrigo Vera 
490 0 |a Colección mis animalitos 
999 |c 218965  |d 218963